000 00988nmm a2200277 a 4500
001 ocm000964939
003 TR-IsHL
005 20201028150723.0
008 150110s2014 tu tur
007 cr cn
020 _a9786053312772
035 _a964939
_b(N$T)
050 0 4 _aPN56.L22
_bE54 2014
090 0 4 _aPN56.L22
_bE54 2014
245 1 0 _aEmekçileri okumak: -edebiyatımızda sınıf, kültür ve işçilerin gündelik hayatı-
_h[electronic resource] /
_chazırlayan Mustafa Kemal Coşkun
260 _aİstanbul :
_bEvrensel Basım Yayın,
_c2014
300 _a201 p.
500 _aKaynakça var.
_x
650 4 _aDil ve Edebiyat
650 4 _aLanguage and Literature
650 0 _aEdebiyatta işçi sınıfı
650 0 _aWorking class in literature
650 7 _aLITERARY COLLECTIONS / European / General
_2bisacsh
700 1 _aCoşkun, Mustafa Kemal
856 4 0 _uhttp://search.ebscohost.com/login.aspx?direct=true&scope=site&db=e011xww&AN=964939
999 _c10627
_d10627